000
00264nam a2200109Ia 4500
008
190216s9999||||xx |||||||||||||| ||und||
100
_a
Kadammanitta Ramakrishanan
245
0
_a
Kadammanitayude Kavithakal
260
_b
Dc Books
650
_a
Kavithkal
942
_c
BK
999
_c
26025
_d
26025